000 00737nam a2200265Ia 4500
003 OSt
005 20220924144502.0
006 a|||||r|||| 00| 0
007 ta
008 220923b |||||||| |||| 00| 0 urd d
020 _c75
024 _a314835
037 _cTextual
040 _aARTS
_cARTS
_burd
041 _2urd
_aurd
082 _aO168,1N347:g, M7
100 _aFakharuddin Ed.
_9217707
245 0 _aMurtaza Barlas
_b Fun aur shakhsiyat
260 _c1987
650 _aURDU POETRY
700 _a Shaiburrehmah Ed.
_9217708
700 _a Tahir Naseem Ed.
_9217709
942 _hO168,1N347:g, M7
_cTEXL
_2CC
999 _c457207
_d457207